LEADER 01323nam a2200325 a 4500 001 000000122369 003 CaOOAMICUS 005 20100628101952.0 008 100628t2006 it b u000 u ita r 020 $a88-15-10962-5 040 $aPUL$bita$dReb 041 1 $aita$hger 082 04$a909 100 1 $aJánosi, Peter.$0(OLS)http://pul/name/76777 240 10$aPyramiden$lItaliano.$0(OLS)http://pul/title/154090 245 13$aLe piramidi /$cPeter Jánosi. 260 $aBologna :$bIl Mulino,$c©2006. 300 $a147 p. :$bc. geogr. ;$c21 cm. 490 1 $aUniversale paperbacks Il Mulino ;$v497 504 $aInclude riferimenti bibliografici ed indice. 651 4$aEgitto$xPiramidi$xStoria.$0(OLS)http://pul/subject/36234 651 4$aEgitto$xArte$xArcheologia.$0(OLS)http://pul/subject/36307 830 0$aUniversale paperbacks Il Mulino ;$v497.$0(OLS)http://pul/title/190 850 $aPUL 852 $aPUL$W1$xDP2 Filosofia 3$y112$m909 COLL 2.497$j140514$qDDC 21$B139639$CPULBib$Z2$F139639 $H114215 $82 941 1 $a9 996 $6020$a88-15-10962-5$9(OLS)http://pul/number/144728 996 $6082$a909$9(OLS)http://pul/classification/566 996 $6245$aLe piramidi$9(OLS)http://pul/title/154089 996 $6260$aBologna :$bIl Mulino$9(OLS)http://pul/publisher/47928 LEADER 01576nam a2200349 a 4500 001 000000175406 003 CaOOAMICUS 005 20220830121752.0 008 220830s2020 it m 000 u ita r 020 $a978-88-382-5000-2* 032 $aLibriCat 040 $aPUL$bita 084 $a122 100 1 $aStaffolani, Marco.$0(OLS)http://pul/name/93976 245 13$aIl principio di causalità nell'orizzonte della metafisica agapica rosminiana / $cMarco Staffolani; prefazione di Giuseppe Lorizio. 260 $aRoma :$bEdizioni Studium,$c2022. 300 $a501 p. ; $b$c24 cm 440 0$aCultura (Studium) ;$v219 504 $aBibliografia in nota. 600 14$aRosmini Serbati, Antonio,$cI.D.C.,$d1797-1855$xFilosofia.$0(OLS)http://pul/subject/5069 650 4$aCausalità (filosofia).$0(OLS)http://pul/subject/5137 700 1 $aLorizio, Giuseppe,$csacerdote,$d1952-$0(OLS)http://pul/name/27 830 0$aCultura (Studium).$0(OLS)http://pul/title/192291 850 $aPUL 852 $aPUL$W1$xSL Filosofia 3$y81$m122 STAMA 1$j199610$qDDC 21$B204330$CPULBib$Z2$F204330 $H135780 $82 941 1 $a9 996 $6020$a978-88-382-5000-2*$9(OLS)http://pul/number/168800 996 $6084$a122$9(OLS)http://pul/classification/3302 996 $6245$aIl principio di causalità nell'orizzonte della metafisica agapica rosminiana / $9(OLS)http://pul/title/214937 996 $6440$aCultura (Studium)$9(OLS)http://pul/title/192291 996 $6260$aRoma :$bEdizioni Studium$9(OLS)http://pul/publisher/49092